Quiz su Mauritius - Statistics

Statistiche generali
  • Questo quiz è stato fatto 391 volte
  • Il punteggio medio è 9 su 14
Statistiche sulle risposte
Hint Risposta % Corretto
Una delle due lingue ufficiali Francese / Inglese
92%
Paese da cui Mauritius ha ottenuto l'indipendenza nel 1968 Regno Unito
92%
Dopo la colonizzione di Mauritius, questo Paese restò l'unico completamente disabitato (suggerimento: un'altra nazione insulare africana) Seychelles
85%
Uccello incapace di volare che si è estinto poco dopo l'insediamento di Mauritius Dodo
80%
Bagna le coste di Mauritius Oceano Indiano
80%
Capitale Port Louis
76%
Primo paese a stabilire insediamenti a Mauritius, nel 1638 Paesi Bassi
72%
Religione più praticata Induismo
57%
Nome dell'isola principale di Mauritius Mauritius
45%
Lingua più parlata Creolo Mauriziano
42%
Valuta di Mauritius Rupia
41%
Principale prodotto da esportazione del XIX secolo Zucchero
38%
Vicino arcipelago, la cui isola principale è Diego Garcia, di cui Mauritius cerca di ottenere il controllo Archipelago delle {Chagos}
28%
Seconda isola più grande Rodrigues
25%
Nessun quiz corrispondente trovato
Distribuzione punteggi
Percentuale di utenti per punteggio
Percentile per numero di risposta
I tuoi punteggi nel tempo
Non hai fatto questo quiz